000 00534nam a2200217Ia 4500
003 OSt
005 20230331094403.0
008 210423s2003 xx 000 0 und d
040 _cAL
041 _aeng
082 _a302.2 RAYC
_223
100 _aRAYUDU (C S)
_980544
245 _aCommunication
260 _aMumbai
_bHimalaya Publishing House
_c2003
300 _axiv,716
_bPB
365 _b290
_cINR
650 _aCommunication
_980545
650 _aSocial Interaction
_980546
906 _aCommunication.
942 _2ddc
_cBK
999 _c155232
_d155232